| 000 | 00790nam a2200229Ii 4500 | ||
|---|---|---|---|
| 003 | JO-AjNU | ||
| 008 | 230605s9999||||xx |||||||||||||| ||und|| | ||
| 017 | _a1432/3451 | ||
| 020 | _a978-9960-686-77-6 | ||
| 040 |
_aJO-AjNU _bara _erda _cJO-AjNU |
||
| 041 | _aara | ||
| 050 | 1 | 4 | _aBP637.A55.A35 2011 |
| 100 | 3 |
_aتاليف العاني، اسامة عبد المجيد, _eauthor _950893 |
|
| 245 | 0 | 0 | _aإزالة الوهم عن وقف النقد والسهم |
| 250 | _aط1 | ||
| 264 | 3 | 1 | _aالرياض: دار الميمان للنشر والتوزيع، 2011 |
| 300 | _a116ص | ||
| 336 |
_atext _btxt _2rdacontent |
||
| 337 |
_aunmediated _bn _2rdamedia |
||
| 338 |
_avolume _bnc _2rdacarrier |
||
| 650 | 4 |
_aالوقف - النقود - الاسهم - فقة اسلامي _950894 |
|
| 999 |
_aA22447 _c26015 _d26015 |
||